| Record ID | ia:apprenticefather00hann |
| Source | Internet Archive |
| Download MARC XML | https://archive.org/download/apprenticefather00hann/apprenticefather00hann_marc.xml |
| Download MARC binary | https://www.archive.org/download/apprenticefather00hann/apprenticefather00hann_meta.mrc |
LEADER: 01545cam 2200337Ia 4500
001 ocn302261143
003 OCoLC
005 20101028180242.0
008 090209s2009 nyu 000 1 eng d
010 $a 2009415300
040 $aB2A$beng$cB2A$dJP3$dJRS$dDLC$dOCLCQ$dMQO
020 $a9780373875153 (pbk.) :$c$5.50
020 $a0373875150 (pbk.) :$c$5.50
035 $a(OCoLC)302261143
050 14 $aPS3558.A4793$bA79 2009
100 1 $aHannon, Irene.
245 10 $aApprentice father /$cIrene Hannon.
260 $aNew York :$bSteeple Hill,$cc2009.
300 $a221 p. ;$c17 cm.
440 0 $aLove inspired
500 $aDiscussion questions included.
500 $aIncludes an excerpt from: Home to Crossroads Ranch, by Linda Goodnight (p. [213]-221).
520 $aHis orphaned niece and nephew are depending on Clay Adams. This commitment-phobe substitute dad needs help, and he needs it fast! Nanny Cate Shepard comes to his rescue just in the nick of time. Cate is no stranger to tragedy, and her deep, abiding faith has led her through her darkest days. With God's help, her kindness and nurturing can heal the children, but what about Clay? Will this father in the making abandon his lone-wolf ways to give Cate and the children the forever family they deserve?
650 0 $aLove stories.
650 0 $aOrphans$vFiction.
650 0 $aChristian fiction.
655 7 $aLove stories.$2gsafd
655 0 $aDomestic fiction.
655 0 $aReligious fiction.
994 $aZ0$bPMR
948 $hNO HOLDINGS IN PMR - 47 OTHER HOLDINGS